Language Quiz

Random Language or French Quiz

Find the Countries of Africa in Their Official Language Quiz Stats

 Plays Quiz Updated Jul 2, 2018

Score 0/54 Timer 08:00
7 Plays Today
% Correct
Madagasikara
91.8%
Suid-Afrika
91.5%
السودان‎‎
89.7%
South Sudan
87.4%
Soomaaliya
87.1%
République
démocratique
du Congo
86.2%
Nigeria
84%
Moçambique
83.8%
Kenya
83.6%
Lesotho
83.4%
تشاد‎‎
83.3%
Namibia
83.1%
République Centrafricaine
82.8%
Niger
82.6%
Angola
81.7%
جيبوتي‎‎
81.6%
Tanzania
80.6%
Seychelles
80.6%
Mali
80.3%
Botswana
80%
Cabo Verde
79.6%
eSwatini
78.7%
Zimbabwe
78.7%
ኤርትራ
78.5%
Uganda
78.4%
Malawi
78.3%
Ghana
76.7%
% Correct
Rwanda
76.4%
ኢትዮጵያ
76.4%
République
du Congo
76.3%
Sénégal
76.2%
Togo
76.1%
São Tomé e Príncipe
75.9%
Guinea Ecuatorial
75.8%
Côte
d'Ivoire
75.6%
Cameroon
75.5%
Burkina Faso
75.4%
Bénin
75.1%
Zambia
75.1%
Burundi
74.3%
جزر القمر
74%
The Gambia
74%
Gabon
73.6%
Guinée
72.1%
Liberia
71.8%
Sierra Leone
69.4%
Guiné-Bissau
67.8%
Mauritius
66.6%
مِصر‎‎
58.2%
ليبيا‎‎
54.9%
الجزائر
50.4%
موريتانيا‎‎
35.9%
تونس‎‎
33.4%
المغرب‎‎
33.2%

You're not logged in!

Compare scores with friends on all Sporcle quizzes.
Join for Free
OR
Log In

You Might Also Like...

Show Comments

Extras

Top Quizzes Today


Score Distribution

Your Account Isn't Verified!

In order to create a playlist on Sporcle, you need to verify the email address you used during registration. Go to your Sporcle Settings to finish the process.

Report this User

Report this user for behavior that violates our Community Guidelines.

Details: